Loading...
| Current Events | 1 | 20.00 | 100% | 100% | 0% |
| Fine Arts - Auditory Fine Arts | 6 | 16.67 | 83% | 83% | 0% |
| Fine Arts - Other Fine Arts | 3 | 20.00 | 67% | 100% | 33% |
| Fine Arts - Visual Fine Arts | 4 | 22.50 | 100% | 75% | 50% |
| Geography | 1 | 20.00 | 100% | 100% | 0% |
| History - American History | 6 | 20.00 | 100% | 67% | 33% |
| History - European History | 3 | 13.33 | 67% | 67% | 0% |
| History - Other History | 5 | 26.00 | 100% | 100% | 60% |
| History - World History | 4 | 25.00 | 100% | 100% | 50% |
| Literature - American Literature | 5 | 24.00 | 100% | 100% | 40% |
| Literature - British Literature | 4 | 15.00 | 75% | 50% | 25% |
| Literature - European Literature | 6 | 23.33 | 100% | 83% | 50% |
| Literature - World Literature | 6 | 26.67 | 100% | 100% | 67% |
| Mythology | 5 | 26.00 | 80% | 80% | 100% |
| Other Academic | 1 | 20.00 | 100% | 100% | 0% |
| Philosophy | 4 | 25.00 | 100% | 75% | 75% |
| Pop Culture | 2 | 20.00 | 100% | 100% | 0% |
| Popular Culture | 1 | 10.00 | 100% | 0% | 0% |
| Religion | 6 | 21.67 | 83% | 83% | 50% |
| Science - Biology | 7 | 22.86 | 100% | 71% | 57% |
| Science - Chemistry | 2 | 20.00 | 100% | 100% | 0% |
| Science - Other Science | 4 | 17.50 | 100% | 50% | 25% |
| Science - Physics | 3 | 23.33 | 100% | 67% | 67% |
| Social Science | 4 | 25.00 | 100% | 100% | 50% |